000 00964nam a2200217Ii 4500
003 JO-AjNU
008 230605s9999||||xx |||||||||||||| ||und||
017 _a2008/10/3528
040 _aJO-AjNU
_bara
_erda
_cJO-AjNU
041 _aara
050 1 4 _aHD30.23.B355.2008
100 3 _aبني هاني، جهاد صياح، نازم محمود الملكاوي، فالح عبد القادر الحوري,
_eauthor
_945158
245 0 0 _aبحوث العمليات والاساليب الكمية :نظرية وتطبيقية=Operations Research and Quantitative Methods:Theroy and Application
250 _aط1
264 3 1 _aعمان:دار جليس الزمان للنشر والتوزيع،2008
300 _a323ص
336 _atext
_btxt
_2rdacontent
337 _aunmediated
_bn
_2rdamedia
338 _avolume
_bnc
_2rdacarrier
650 4 _aادارة الاعمال-بحوث العمليات-الاساليب الكمية-اتخاذ القرارات
_945159
999 _aA19554
_c23122
_d23122